[Event "Floripa Chess Open 2024"]
[Site "Florianopolis"]
[Date "2024.01.20"]
[Round "1.79"]
[White "Volkmann, Andre Jordi"]
[Black "Borgonovo, Fabiano"]
[Result "1-0"]
[WhiteElo "2083"]
[BlackElo "1466"]
[PlyCount "37"]
[EventDate "2024.01.20"]
[EventRounds "10"]
[EventCountry "BRA"]

1. b4 Nf6 2. Bb2 d5 3. Nf3 e6 4. a3 Bd6 5. e3 ({RR} 5. g4 Nxg4 6. Rg1 Nxh2 7.
Nxh2 Bxh2 8. Rxg7 d4 9. e3 Be5 10. Qg4 Kf8 11. Rxf7+ Kxf7 12. Qh5+ Kf6 13. f4
c5 14. Qxe5+ Kf7 15. Qh5+ Ke7 16. Qxc5+ Ke8 17. Qh5+ Kd7 18. Bxd4 Re8 19. Nc3
Nc6 {Carlsen,M (2829)-Agibileg,U (2441) chess.com INT 2023 1-0}) 5... Nc6 $146
({RR} 5... O-O 6. c4 b6 7. Be2 Nbd7 8. Nc3 c5 9. bxc5 bxc5 10. O-O a6 11. Qc2
Bb7 12. Rab1 Qc7 13. cxd5 exd5 14. h3 g6 15. Ba1 Bc6 16. Na4 Qa5 17. Bd1 Rfb8
18. Bc3 Qd8 19. Be2 Bb5 20. d3 {[%emt 0:00:02] Vingerhoets,L-Sinka,B (1970)
Caorle 1982 1/2-1/}) ({RR} 5... O-O 6. c4 c6 7. Qc2 Nbd7 8. Nc3 a6 9. d4 Qe7
10. Bd3 e5 11. c5 Bc7 12. dxe5 Nxe5 13. Nxe5 Bxe5 14. Ne2 Bc7 15. h3 Re8 16.
O-O h5 17. Nd4 Ne4 18. Nf3 Bf5 19. Nd2 Rad8 20. Bxe4 {Jones,G (2618)-Yaran,S 
(2272) chess.com INT 2023 0-1 (34)}) 6. c4 b6 7. Qc2 dxc4 8. Bxc4 Bb7 9. Bb5
Qd7 10. Nd4 O-O 11. Bxc6 Bxc6 12. Qxc6 Qxc6 13. Nxc6 Nd7 14. Nc3 Ne5 15. Nxe5
Bxe5 16. Ke2 Rfd8 17. d4 Bf6 18. Rac1 a6 19. Ne4 1-0

[Event "Floripa Chess Open 2024"]
[Site "Florianopolis"]
[Date "2024.01.20"]
[Round "1.80"]
[White "Ataide, Gerson Britto"]
[Black "Silva, Caio Henrique Angel"]
[Result "0-1"]
[WhiteElo "1463"]
[BlackElo "2074"]
[PlyCount "60"]
[EventDate "2024.01.20"]
[EventRounds "10"]
[EventCountry "BRA"]

1. e4 c6 2. d4 d5 3. e5 c5 4. c3 Nc6 5. Be3 Qb6 ({RR} 5... g6 6. Be2 Bf5 7. Nf3
Bxb1 8. Rxb1 Nh6 9. dxc5 Nf5 10. Bd4 Bg7 11. O-O O-O 12. Re1 a5 13. Bb5 Qc7 14.
a3 Nfxd4 15. cxd4 f6 16. e6 f5 17. Qd2 a4 18. Rbd1 Qa5 19. Qe2 Rfc8 20. h4 {
Hunt,H (2454)-Arkell,K (2481) Millfield 2000 1-0 (55)}) 6. Qb3 ({RR} 6. Na3
cxd4 7. cxd4 Bf5 8. Bb5 e6 9. Qa4 Bxa3 10. bxa3 Nge7 11. Ne2 O-O 12. O-O a6 13.
Bxc6 Nxc6 14. Rfc1 Rac8 15. Ng3 Bg6 16. h4 h6 17. Nf1 Na5 18. Qb4 Qb5 19. Rxc8
Rxc8 20. Rc1 Rxc1 {Germinal,K (1997)-Ramos,E (2158) Chennai IND 2022 1/2-1/2  
(75)}) 6... c4 $146 ({RR} 6... e6 7. Bb5 Bd7 8. dxc5 Bxc5 9. Bxc6 Bxc6 10. Qxb6
Bxb6 11. Bxb6 axb6 12. Nf3 Bb5 13. Nd4 Bd3 14. Kd2 Bg6 15. Na3 h5 16. Nab5 Kd7
17. f4 Ne7 18. Nd6 f6 19. a3 Nc6 20. Nxc6 bxc6 21. a4 {Buergi,J-Jungo,R
Leukerbad 2002 1/2-1/2}) 7. Qc2 Bf5 8. Qc1 e6 9. Nf3 Nge7 10. Bxc4 dxc4 11. d5
Qa5 12. dxc6 Nxc6 13. O-O Be7 14. Nbd2 Bd3 15. Re1 O-O 16. Nf1 Rfc8 17. Bg5 Bf8
18. Ng3 Qd5 19. Qf4 h6 20. Rad1 Ne7 21. Bxe7 Bxe7 22. Nh5 Qb5 23. g4 Bg6 24.
Ng3 Rd8 25. h4 Qxb2 26. Qxc4 Rdc8 27. Qe2 Qxe2 28. Rxe2 Rxc3 29. Rd7 Bc5 30.
Nd2 Rxg3+ 0-1

[Event "Floripa Chess Open 2024"]
[Site "Florianopolis"]
[Date "2024.01.20"]
[Round "1.81"]
[White "Gruettner, Ralf"]
[Black "Andersson, Cristian De Oliveir"]
[Result "1-0"]
[WhiteElo "2071"]
[BlackElo "1461"]
[PlyCount "71"]
[EventDate "2024.01.20"]
[EventRounds "10"]
[EventCountry "BRA"]

1. d4 Nf6 2. c4 g6 3. Nc3 d5 4. cxd5 Nxd5 5. e4 Nxc3 6. bxc3 Bg7 7. Bc4 c5 8.
Ne2 O-O 9. O-O Nc6 10. Be3 Na5 11. Bd3 c4 12. Bc2 b5 13. Qd2 ({RR} 13. h4 e5
14. dxe5 Bxe5 15. Qxd8 Rxd8 16. Bb6 axb6 {0-1 (16) Kostadinovski,Z (1907)
-Cakonchev,H (1649) Skopje MKD 2023}) 13... e6 14. Bh6 Nc6 $146 ({RR} 14... Bb7
15. Bxg7 Kxg7 16. Qf4 Nc6 17. Rfd1 Qe7 18. Ng3 e5 19. Qg4 Bc8 20. Qe2 a6 21. a4
Bd7 22. d5 Na5 23. axb5 axb5 24. Qe3 Qd6 25. Qg5 f6 26. Qe3 Rfb8 27. h3 Ra6 28.
Rdb1 Rba8 29. Kh2 {Macko,M (2148)-Sulko,J (2098) Slovakia 2006 1/2-1/2 (48)}) (
{RR} 14... f5 15. Bxg7 Kxg7 16. Rfe1 Qd6 17. h4 h6 18. Rad1 Bb7 19. exf5 exf5
20. d5 Rae8 21. Nf4 Bc8 22. Qd4+ Kg8 23. h5 Rxe1+ 24. Rxe1 gxh5 25. Nxh5 Qg6
26. Re3 {1-0 (26) Tarjan,J (2535)-Maya Cortez,H (2305) Valetta 1980}) 15. Bxg7
Kxg7 16. a4 Ba6 17. Rfd1 Ne7 18. d5 exd5 19. exd5 Qd6 20. Qd4+ Qf6 21. axb5 Bb7
22. d6 Nd5 23. Be4 Rfe8 24. Bxd5 Qxd4 25. Rxd4 Bxd5 26. Rxd5 Rxe2 27. d7 Rd8
28. Kf1 Rc2 29. Rxa7 Kf6 30. Rc7 Rxc3 31. Rd4 Rb3 32. Rc6+ Ke7 33. b6 Rxd7 34.
Rc7 Rxb6 35. Rcxd7+ Ke6 36. Rc7 1-0

[Event "Floripa Chess Open 2024"]
[Site "Florianopolis"]
[Date "2024.01.20"]
[Round "1.82"]
[White "Altenhofen, Rafael Graneto"]
[Black "Curi, Gabriel"]
[Result "0-1"]
[WhiteElo "1446"]
[BlackElo "2069"]
[PlyCount "54"]
[EventDate "2024.01.20"]
[EventRounds "10"]
[EventCountry "BRA"]

1. d4 d5 2. c4 e6 3. Nc3 c6 4. a3 dxc4 5. e3 ({RR} 5. e4 b5 6. Bd2 Bb7 7. a4 a6
8. axb5 cxb5 9. Nf3 Bb4 10. Be2 Bxc3 11. Bxc3 Bxe4 12. Rg1 Nf6 13. Ng5 Bg6 14.
Bf3 Ra7 15. d5 exd5 16. Bxd5 Qxd5 17. Qxd5 Nxd5 18. Bxg7 Rg8 19. Bd4 Re7+ {
Woytitzki,M-Samol,J (1251) Bydgoszcz POL 2020 0-1 (86)}) 5... b5 6. a4 Bb4 7.
Bd2 a5 $146 ({RR} 7... Bxc3 8. Bxc3 Nf6 9. b3 cxb3 10. Qxb3 bxa4 11. Rxa4 O-O
12. Bd3 Qd5 13. Qxd5 cxd5 14. Bb4 Rd8 15. Be7 Rd7 16. Bxf6 gxf6 17. Nf3 Rc7 18.
O-O Rc3 19. Be2 Bd7 20. Ra2 Nc6 21. Rfa1 Nb4 22. Rxa7 {Van Deelen,M (1530)
-Relyea,F (1800) Oklahoma 2004 1/2-1/2}) ({RR} 7... Nf6 8. axb5 Bxc3 9. Bxc3
cxb5 10. b3 O-O 11. bxc4 bxc4 12. Bxc4 Bb7 13. f3 Qc7 14. Qd3 Rc8 15. Ra4 Qc6
16. Qd1 Nd5 17. Qb3 Nxc3 18. Rb4 Ba6 {0-1 (18) Feuerstein,A (2106)-Ippolito,D 
(2455) Branchburg 2009}) 8. axb5 Bxc3 9. Bxc3 cxb5 10. Nf3 Bb7 11. Be2 Nf6 12.
O-O Nbd7 13. Ne5 O-O 14. Bf3 Bxf3 15. Qxf3 Nxe5 16. dxe5 Nd5 17. Rad1 Qc7 18.
Qh5 Nxc3 19. bxc3 Rad8 20. Rxd8 Rxd8 21. Rd1 Rxd1+ 22. Qxd1 b4 23. Qa4 h6 24.
cxb4 c3 25. Qe8+ Kh7 26. Qa8 c2 27. Qe4+ g6 0-1

[Event "Floripa Chess Open 2024"]
[Site "Florianopolis"]
[Date "2024.01.20"]
[Round "1.84"]
[White "Braga, Kaio Santos"]
[Black "Araujo, Renan Aparecido"]
[Result "0-1"]
[WhiteElo "1442"]
[BlackElo "2062"]
[PlyCount "48"]
[EventDate "2024.01.20"]
[EventRounds "10"]
[EventCountry "BRA"]

1. e4 e5 2. Nf3 Qe7 3. g3 d6 4. Bg2 Nf6 5. d3 g6 6. h3 $146 ({RR} 6. O-O Bg7 7.
b3 c6 8. Re1 O-O 9. Bb2 Qc7 10. Nbd2 Be6 11. Qe2 Re8 12. Rad1 h6 13. h3 Nbd7
14. d4 Nh7 15. c4 Ndf8 16. Qd3 Rad8 17. Qb1 Bc8 18. Qa1 b6 19. Nb1 Ng5 20. Nxg5
hxg5 {Katzameyer,M (1970)-Stubenrauch,B (1990) Bayern 1995 1/2-1/2}) 6... Bg7
7. Be3 c6 8. Nbd2 d5 9. c3 Nbd7 10. Qc2 O-O 11. O-O Ne8 12. b4 Nc7 13. Nb3 Ne6
14. a4 f5 15. exd5 cxd5 16. Nh2 e4 17. dxe4 dxe4 18. Rad1 Ne5 19. Nc1 Bd7 20.
Rfe1 Rfc8 21. Qb3 Rxc3 22. Qxc3 Nf3+ 23. Nxf3 Bxc3 24. Nd2 Bxa4 0-1

[Event "Floripa Chess Open 2024"]
[Site "Florianopolis"]
[Date "2024.01.20"]
[Round "1.86"]
[White "Nagel, Yasmin Da Silva"]
[Black "Martins, Anderson Donay"]
[Result "0-1"]
[WhiteElo "1437"]
[BlackElo "2058"]
[PlyCount "112"]
[EventDate "2024.01.20"]
[EventRounds "10"]
[EventCountry "BRA"]

1. e4 c5 2. Nf3 e6 3. d4 cxd4 4. Nxd4 Nc6 5. Nc3 Nf6 6. a3 d5 7. Bb5 Bd7 8.
exd5 exd5 9. Bg5 ({RR} 9. O-O Be7 10. Re1 O-O 11. h3 a6 12. Ba4 Nxd4 13. Qxd4
Bxa4 14. Qxa4 Bc5 15. Bg5 h6 16. Bh4 g5 17. Bg3 b5 18. Qb3 Nh5 19. Kh2 Nxg3 20.
fxg3 d4 21. Ne4 Be7 22. Rad1 Qb6 23. Rf1 Rad8 {Karjakin,S (2752)-Grachev,B  
(2612) chess.com INT 2020 0-1 (36)}) 9... Be7 10. O-O O-O 11. Qd3 $146 ({RR} 
11. Re1 Rc8 12. h3 h6 13. Be3 Bd6 14. Nf3 Be6 15. Bf1 Bb8 16. Nb5 Bf5 17. Nbd4
Bg6 18. Bd3 Ne4 19. Nxc6 Rxc6 20. Bd4 Re8 21. Bb5 Qd6 22. c4 Bh5 23. g4 Bxg4
24. hxg4 Qf4 25. Bxc6 Qxg4+ {Chaithanyaa,K (2029)-Pastar,S (2159) Pune 2014
1-0 (34)}) ({RR} 11. Re1 Re8 12. h3 h6 13. Be3 Bd6 14. Nb3 a6 15. Bf1 Bf5 16.
Qd2 Rxe3 17. fxe3 Ne5 18. Nd4 Ne4 19. Nxe4 Bxe4 20. Bd3 Qg5 21. Rf1 Re8 22.
Bxe4 dxe4 23. Qf2 g6 24. Rad1 Bc7 25. b3 f5 {Guo,A (2445)-Berczes,D (2439)
Budapest HUN 2023 1-0 (38)}) 11... h6 12. Bh4 a6 13. Ba4 Ne5 14. Qg3 Ng6 15.
Bxf6 Bxf6 16. Rad1 Be5 17. Qf3 Bxa4 18. Nxa4 Rc8 19. Nc3 Rc4 20. Nde2 d4 21.
Qxb7 Bxh2+ 22. Kxh2 Qh4+ 23. Kg1 dxc3 24. Nxc3 Rg4 25. Nd5 Rg5 26. Rd3 Re8 27.
Qd7 Re6 28. f4 Rxg2+ 29. Kxg2 Re2+ 30. Kf3 Qh5+ 31. Qg4 Nh4+ 32. Kxe2 Qxg4+ 33.
Ke3 Nf5+ 34. Kf2 Kh7 35. b4 Nd6 36. Rg1 Qc8 37. c3 Qc4 38. Rd4 Qa2+ 39. Kf3 Nf5
40. Rd3 Qxa3 41. Ke4 Nd6+ 42. Ke5 Ne8 43. Rdg3 Qa2 44. R1g2 Qc4 45. Rg4 f5 46.
Rxg7+ Nxg7 47. Nf6+ Kh8 48. Rg6 Qxc3+ 49. Kd5 Qb3+ 50. Kc6 Qe6+ 51. Kc5 Ne8 52.
Rxh6+ Kg7 53. Rh7+ Kg6 54. Nxe8 Kxh7 55. Nd6 Qe3+ 56. Kd5 Qxf4 0-1

[Event "Floripa Chess Open 2024"]
[Site "Florianopolis"]
[Date "2024.01.20"]
[Round "1.87"]
[White "Hataby, Raed"]
[Black "Born, Ary"]
[Result "1-0"]
[WhiteElo "1888"]
[BlackElo "1249"]
[PlyCount "99"]
[EventDate "2024.01.20"]
[EventRounds "10"]
[EventCountry "BRA"]

1. e3 d5 2. c4 Nf6 3. Nc3 e6 4. Nf3 h6 5. d4 Bb4 6. Qa4+ Nc6 7. Ne5 O-O 8. Nxc6
Bxc3+ 9. bxc3 bxc6 10. Bd3 $146 ({RR} 10. Qxc6 Bd7 11. Qa6 Ne4 12. Bd3 Nxc3 13.
O-O Qf6 14. Qa5 Ne4 15. Qxc7 Bc8 16. f3 Ng5 17. Ba3 Re8 18. Qc6 Bb7 19. Qxb7
dxc4 20. Bxc4 e5 21. d5 e4 22. f4 Nf3+ 23. gxf3 exf3 24. Kf2 Qh4+ {Kulles,
G-Aksoz,C Kemer 2011 1-0 (42)}) 10... a5 11. cxd5 cxd5 12. O-O Bd7 13. Qc2 Re8
14. f3 Qe7 15. Rb1 a4 16. Bd2 a3 17. Rb7 Ba4 18. Qb1 Qd7 19. Qb4 Qc6 20. Rb1
Nd7 21. Rb5 e5 22. Ra5 e4 23. Rxa8 Qxa8 24. fxe4 dxe4 25. Bc4 Bc2 26. Rf1 Nf6
27. Bc1 Nd5 28. Qxa3 Bd3 29. Qxa8 Rxa8 30. Bxd5 Bxf1 31. Bxa8 Bd3 32. Ba3 g6
33. Bc5 Kg7 34. a4 f5 35. a5 Kf6 36. Bb7 f4 37. a6 Bxa6 38. Bxa6 g5 39. Bc8 h5
40. Kf2 g4 41. exf4 c6 42. Ke3 Kf7 43. Kxe4 Ke8 44. Bb6 c5 45. dxc5 Ke7 46. Ke5
h4 47. Bxg4 Ke8 48. c6 Ke7 49. c7 h3 50. c8=Q 1-0

[Event "Floripa Chess Open 2024"]
[Site "Florianopolis"]
[Date "2024.01.20"]
[Round "1.88"]
[White "Zacarias, Rodrigo Medeiros"]
[Black "Ruvieri, Daniel Minami"]
[Result "1-0"]
[WhiteElo "2058"]
[BlackElo "1437"]
[PlyCount "49"]
[EventDate "2024.01.20"]
[EventRounds "10"]
[EventCountry "BRA"]

1. e4 e5 2. Nf3 d6 3. d4 Nf6 4. Nc3 Nbd7 5. Bc4 Be7 6. O-O O-O 7. a4 a5 8. h3
c6 9. Be3 Qc7 10. Qe2 ({RR} 10. dxe5 dxe5 11. Nd2 Nc5 12. Qe2 Ne6 13. Nb3 h6
14. Bxe6 Bxe6 15. Rad1 Nd7 16. Nc1 Rfc8 17. b3 Bb4 18. N3a2 Bf8 19. f4 exf4 20.
Bxf4 Qb6+ 21. Be3 Bc5 22. Bxc5 Qxc5+ 23. Qf2 b5 24. Rd4 Qe7 {Tomczak,R (2310)
-Wahls,M (2560) Germany 1991 0-1 (41)}) 10... b6 ({RR} 10... exd4 11. Bxd4 Ne5
12. Bb3 Nfd7 13. Nd2 Bf6 14. Rad1 Re8 15. Nc4 Nc5 16. Bxc5 dxc5 17. Nd6 Rd8 18.
Nxc8 Raxc8 19. f4 Ng6 20. e5 Rxd1 21. Qxd1 Rd8 22. Qh5 Be7 23. Bxf7+ Kxf7 24.
f5 Kg8 25. fxg6 {Caldeira,A (2156)-Machado,L (1807) Florianópolis - Santa
Catari 2023 1-0}) 11. Rfd1 Bb7 12. Nh2 $146 ({RR} 12. dxe5 dxe5 13. Nh4 g6 14.
Bh6 Rfe8 15. Bxf7+ Kxf7 16. Qc4+ Nd5 17. Nxd5 Ba6 18. Nxc7+ Bxc4 19. Nxa8 Bxh4
20. Rxd7+ Ke6 21. Nxb6 Rb8 22. Rad1 {1-0 (22) Tokmachev,G (1950)-Kalvach,L  
(1855) Plzen 1998}) 12... Rfc8 13. Ba2 Ba6 14. Qf3 exd4 15. Bxd4 Ne5 16. Bxe5
dxe5 17. Ng4 Rd8 18. Qf5 Nxg4 19. Bxf7+ Kf8 20. hxg4 Bc8 21. Be6+ Bf6 22. Bxc8
Rxd1+ 23. Rxd1 Qxc8 24. Rd7 Kg8 25. g5 1-0

[Event "Floripa Chess Open 2024"]
[Site "Florianopolis"]
[Date "2024.01.20"]
[Round "1.90"]
[White "Moura, Eduardo Eugenio Cha"]
[Black "Da Silva, Leticia Alice"]
[Result "1-0"]
[WhiteElo "2055"]
[BlackElo "1435"]
[PlyCount "97"]
[EventDate "2024.01.20"]
[EventRounds "10"]
[EventCountry "BRA"]

1. e4 e5 2. Nf3 Nc6 3. Nc3 Nf6 4. d4 exd4 5. Nxd4 Bb4 6. Nxc6 Bxc3+ 7. bxc3
bxc6 8. Bd3 d6 9. O-O h6 ({RR} 9... Nd7 10. Be3 O-O 11. f4 c5 12. e5 Bb7 13.
Qh5 g6 14. Qh3 f5 15. exf6 Nxf6 16. f5 Qd7 17. Bh6 Rfe8 18. Rf4 Re5 19. Raf1 g5
20. Bxg5 Rf8 21. Rh4 Rf7 22. Bc4 Bd5 23. Bxd5 Nxd5 24. Rg4 {Balandin,A (2370)
-Ivanov,A (2600) Chicago 1997 1/2-1/2 (32)}) 10. e5 ({RR} 10. h3 O-O 11. Qf3
Nd7 12. Qg3 Qf6 13. Rb1 Ne5 14. f4 Qg6 15. Qh4 Nxd3 16. f5 Qf6 17. Qxf6 gxf6
18. cxd3 Kh7 19. Rf4 Rh8 20. c4 h5 21. Rb3 c5 22. Bb2 Kg7 23. Rh4 Rh6 24. Kf2
c6 {Berkes,A (1974)-Froehlich Dill,A (1796) Heusenstamm GER 2023 1-0 (37)})
10... Nd5 11. c4 $146 ({RR} 11. Ba3 O-O 12. c4 Nf4 13. exd6 Qg5 14. g3 Nxd3 15.
d7 Bxd7 16. Bxf8 Rxf8 17. cxd3 Bh3 18. Re1 Rd8 19. Qe2 Rd7 20. Rad1 Kh7 21.
Qe4+ Qg6 22. Qxg6+ Kxg6 23. f3 h5 24. Kf2 Kf6 25. Re8 Bf5 {Katic,G (2091)
-Milovanovic,A Belgrade 2009 1-0 (40)}) 11... Ne7 12. exd6 cxd6 13. Bf4 Be6 14.
Re1 Qd7 15. h3 Rd8 16. Qh5 O-O 17. Rad1 Nf5 18. Bxf5 Bxf5 19. Rxd6 Qc8 20. Rxd8
Rxd8 21. Re7 Bg6 22. Qc5 Rd7 23. Re2 a6 24. Kh2 Kh7 25. h4 Qd8 26. Bg3 Rd2 27.
Rxd2 Qxd2 28. Qxc6 Qxc2 29. a4 a5 30. c5 Be4 31. Qb5 Qc3 32. f3 Bd3 33. Qb6 Bc2
34. c6 Bxa4 35. c7 Bd7 36. Qd6 Be6 37. Be5 Qc4 38. f4 f6 39. Bd4 Bc8 40. Bc5
Qe6 41. Qd3+ g6 42. Qd8 a4 43. Qf8 Qd7 44. Qxf6 Qxc7 45. Bd4 g5 46. Be5 Qd7 47.
hxg5 Kg8 48. g6 Qb7 49. Qh8# 1-0

[Event "Floripa Chess Open 2024"]
[Site "Florianopolis"]
[Date "2024.01.20"]
[Round "1.92"]
[White "Spieker, Otavio Schmidt"]
[Black "Lima, Vinicius Taishun"]
[Result "0-1"]
[WhiteElo "1432"]
[BlackElo "2047"]
[PlyCount "46"]
[EventDate "2024.01.20"]
[EventRounds "10"]
[EventCountry "BRA"]

1. e4 c5 2. Nc3 Nc6 3. f4 g6 4. Nf3 Bg7 5. Bc4 e6 6. O-O Nge7 7. Qe1 O-O 8. d3
d5 9. Bb3 Na5 10. Qh4 c4 11. dxc4 dxc4 12. Ba4 a6 13. b4 Bxc3 $146 ({RR} 13...
b5 14. bxa5 Bxc3 15. Ba3 f6 16. Rad1 Qc7 17. e5 bxa4 18. Bd6 Qa7+ 19. Kh1 Nf5 {
0-1 (19) Lozano Vita,J (1511)-Giaccio,A (2475) Almeria 2007}) 14. Rb1 Nac6 15.
Bxc6 Nxc6 16. Qg3 Nd4 17. Nxd4 Bxd4+ 18. Kh1 Qc7 19. h4 b5 20. h5 Bb7 21. e5
Qc6 22. Be3 Bxe3 23. Qxe3 Qxg2# 0-1

[Event "Floripa Chess Open 2024"]
[Site "Florianopolis"]
[Date "2024.01.20"]
[Round "1.93"]
[White "Mariani, Daniel Brandao"]
[Black "De Almeida, Olivan Duarte"]
[Result "1-0"]
[WhiteElo "2040"]
[BlackElo "1432"]
[PlyCount "53"]
[EventDate "2024.01.20"]
[EventRounds "10"]
[EventCountry "BRA"]

1. d4 d5 2. c4 e6 3. Nc3 Nf6 4. cxd5 exd5 5. Bg5 Be7 6. e3 c6 7. Qc2 Be6 8. Bd3
h6 9. Bh4 Nbd7 10. Nge2 Nh5 11. Bxe7 Qxe7 12. h3 Nhf6 13. O-O-O Nb6 14. Kb1
O-O-O 15. Rc1 Kb8 16. Na4 Nxa4 17. Qxa4 Nd7 18. Rc3 Nb6 19. Qa5 Qd7 20. Ra3 Nc8
21. Rc1 Bf5 22. Nf4 Bxd3+ 23. Nxd3 b6 24. Qa4 b5 25. Qc2 Ne7 26. Ne5 Qe6 $146 (
{RR} 26... Qd6 27. Qc5 {1-0 (27) Mariani,D (2040)-De Almeida,O (1432)
Florianopolis BRA 2024}) 27. Qc5 1-0

[Event "Floripa Chess Open 2024"]
[Site "Florianopolis"]
[Date "2024.01.20"]
[Round "1.94"]
[White "Caetano, Heitor Luiz"]
[Black "De Carli Filho, Carlos"]
[Result "0-1"]
[WhiteElo "1431"]
[BlackElo "2038"]
[PlyCount "100"]
[EventDate "2024.01.20"]
[EventRounds "10"]
[EventCountry "BRA"]

1. e4 c5 2. Nf3 e6 3. d4 cxd4 4. Nxd4 Nc6 5. Be2 Qc7 6. Nc3 a6 7. a3 Nf6 8. O-O
Be7 9. Be3 O-O 10. Qd2 d6 11. Rad1 ({RR} 11. f4 Rd8 12. Bf3 Ne5 13. fxe5 dxe5
14. Nxe6 Bxe6 15. Qf2 Rac8 16. Bb6 Qxb6 17. Qxb6 Bc5+ 18. Qxc5 Rxc5 19. Rad1
Rd7 20. Rf2 Kf8 21. Rfd2 Rxd2 22. Rxd2 Ke7 23. Kf2 Ne8 24. Ke1 f6 25. Kd1 Nd6 {
Havlicek,J (2160)-Balinov,I (2485) Vienna 1998 0-1 (44)}) 11... Ne5 ({RR} 11...
Nxd4 12. Qxd4 Bd7 13. Qb6 Qxb6 14. Bxb6 Bc6 15. Bf3 Rfc8 16. Rd2 g5 17. h3 Nd7
18. Bd4 b5 19. Be2 Nc5 20. e5 dxe5 21. Bxe5 Rd8 22. Rfd1 Rxd2 23. Rxd2 f6 24.
Bc7 Rc8 25. Ba5 Kf8 26. f3 {Borvander,T (2027)-Korneev,O (2457) Eindhoven NED
2023 1/2-1/2 (119)}) 12. f4 Nc4 $146 ({RR} 12... Neg4 13. Bf3 Nxe3 14. Qxe3 Rb8
15. Kh1 Nd7 16. a4 Bf6 17. Rf2 Nb6 18. b3 e5 19. fxe5 dxe5 20. Nf5 Be6 21. Rd6
Nc8 22. Nd5 Bxd5 23. Rxd5 Ne7 24. Nxe7+ Qxe7 25. c4 Rfd8 26. c5 Bg5 27. Qc3 {
Kulke,T (2134)-Rafayevych,V (2097) Germany 2011 1/2-1/2 (41)}) 13. Bxc4 Qxc4
14. Qd3 b5 15. Qxc4 bxc4 16. Nc6 Bd8 17. Nxd8 Rxd8 18. Bb6 Rd7 19. e5 dxe5 20.
fxe5 Ng4 21. Rxd7 Bxd7 22. Bd4 h5 23. Ne4 Nh6 24. Nd6 Nf5 25. Nxf5 exf5 26. b4
cxb3 27. cxb3 Rc8 28. b4 Rc4 29. Rd1 Bc6 30. Rd2 g5 31. Kf2 f4 32. g3 f3 33. h3
g4 34. h4 Rc1 35. Ke3 Re1+ 36. Kf2 Re4 37. Be3 Rxe5 38. Rc2 Bb5 39. Rc5 f6 40.
Rxe5 fxe5 41. Bc5 Kf7 42. Bb6 Ke6 43. Ba7 Kd5 44. Bb6 Kc4 45. Be3 Kd3 46. Bc1
Kc2 47. Be3 Kb3 48. Bc1 e4 49. Ke3 Kc2 50. Bd2 f2 0-1

[Event "Floripa Chess Open 2024"]
[Site "Florianopolis"]
[Date "2024.01.20"]
[Round "1.95"]
[White "Bortoloso, Moacir Canella"]
[Black "Fernandes, Beatriz"]
[Result "1-0"]
[WhiteElo "2033"]
[BlackElo "1431"]
[PlyCount "43"]
[EventDate "2024.01.20"]
[EventRounds "10"]
[EventCountry "BRA"]

1. e4 c5 2. Nf3 d6 3. d4 cxd4 4. Nxd4 Nf6 5. Nc3 a6 6. Bg5 e6 7. f4 Be7 8. Qf3
Qc7 9. O-O-O Nbd7 10. Bd3 Nc5 11. Rhe1 Nxd3+ ({RR} 11... O-O 12. e5 dxe5 13.
fxe5 Nxd3+ 14. Rxd3 Nd5 15. Qg4 Bxg5+ 16. Qxg5 Nxc3 17. Rxc3 Qd8 18. Qg4 Bd7
19. Rh3 g6 20. Nf3 f5 21. exf6 Qxf6 22. Ne5 Qg7 23. Nxd7 Qxd7 24. Rd3 Qf7 25.
Rf3 Qd7 26. Qxe6+ {Koch,J (2420)-Groszpeter,A (2515) Haifa 1989 1/2-1/2 (53)})
12. Rxd3 ({RR} 12. Qxd3 O-O 13. Qf3 Re8 14. Kb1 h6 15. h4 Bd7 16. g4 b5 17.
Bxf6 gxf6 18. g5 fxg5 19. hxg5 hxg5 20. fxg5 Qc5 21. Rg1 Qe5 22. g6 Bf6 23. Qh3
fxg6 24. Rxg6+ Bg7 25. Nf3 Qf4 26. Rh1 Kf8 {Miranda Fernandez,M (1638)-Gamarra,
R (1928) Buenos Aires ARG 2022 1-0}) 12... b5 13. e5 Bb7 14. Qf1 $146 ({RR} 14.
Qh3 dxe5 15. fxe5 Nd7 16. Bxe7 Kxe7 17. Qh4+ Kf8 18. Qf4 Re8 19. Ndxb5 axb5 20.
Nxb5 Qa5 21. Rf1 Re7 22. a4 Ba6 23. Ra3 g6 24. b4 Qd8 25. Rd1 Bxb5 26. axb5 Qb8
27. Qh6+ Ke8 28. Qg7 Rf8 {Duijs,P-Verhagen,A Alkmaar 1984 0-1 (35)}) 14... dxe5
15. fxe5 Nd5 16. Bxe7 Qxe7 17. Ne4 O-O 18. Nd6 Nb4 19. Rg3 Nxa2+ 20. Kb1 Nb4
21. Rxg7+ Kh8 22. Qf4 1-0

[Event "Floripa Chess Open 2024"]
[Site "Florianopolis"]
[Date "2024.01.20"]
[Round "1.96"]
[White "Pontes, Luiz Felizola Lima"]
[Black "Dauer, Andre Leonardo"]
[Result "0-1"]
[WhiteElo "1430"]
[BlackElo "2032"]
[PlyCount "92"]
[EventDate "2024.01.20"]
[EventRounds "10"]
[EventCountry "BRA"]

1. e4 e6 2. d4 d5 3. e5 c5 4. c3 Nc6 5. Nf3 Qb6 6. Be2 cxd4 7. cxd4 Nh6 8. Nc3
Nf5 9. Na4 Qa5+ 10. Bd2 Bb4 11. Bc3 b5 12. a3 Bxc3+ 13. Nxc3 a6 14. g4 Nfe7 ({
RR} 14... Nh6 15. h3 f6 16. exf6 gxf6 17. Qd2 Nf7 18. g5 b4 19. Nd1 f5 20. Rc1
Bd7 21. axb4 Qxb4 22. Nc3 Ke7 23. Kf1 Nd6 24. g6 hxg6 25. Ne5 Ke8 26. Qg5 Nxe5
27. dxe5 Nf7 28. Qxg6 Qf4 29. Re1 {Pineault,D (2230)-Archangelsky,M (2430)
Montreal 2000 0-1 (40)}) 15. O-O ({RR} 15. b4 Qb6 16. Qd2 Bd7 17. h4 Qa7 18. h5
Nc8 19. Qf4 Nb6 20. Bxb5 axb5 21. Nxb5 Qb8 22. Nd6+ Kd8 23. b5 Nb4 24. Nxf7+
Ke7 25. Qd2 Nc2+ 26. Qxc2 Kxf7 27. Ng5+ Ke8 28. O-O Nc4 29. a4 Qb6 {Diaz Comas,
J (1884)-Horta Gafarot,B (1557) Santa Eugenia 2017 1/2-1/2 (43)}) 15... h5 16.
g5 $146 ({RR} 16. h3 Bd7 17. Qd2 Qb6 18. Rad1 Na5 19. Qf4 Ng6 20. Qg5 Qd8 21.
gxh5 Qxg5+ 22. Nxg5 Nf4 23. Rfe1 Nc4 24. Bxc4 bxc4 25. Re3 Rxh5 26. Rg3 Rxg5 {
0-1 (26) Marchant,G (2050)-Richmond,R (2229) Sunningdale 2006}) 16... Nf5 17.
Qd3 h4 18. Rfd1 Bd7 19. b4 Qb6 20. Na2 h3 21. Nc1 Qd8 22. Nb3 Nh4 23. Nxh4
Qxg5+ 24. Qg3 Qxh4 25. Qxh4 Rxh4 26. Rd3 Ke7 27. Rad1 g6 28. Nc5 a5 29. bxa5
Rxa5 30. Bf1 Ra8 31. Bxh3 Nxd4 32. Rxd4 Rxh3 33. Nxd7 Kxd7 34. Rb4 Ra5 35. Rdb1
Rhxa3 36. Rxb5 Rxb5 37. Rxb5 Rf3 38. Rb2 Kc6 39. Rc2+ Kb5 40. Kg2 Rf5 41. Re2
d4 42. Kg3 d3 43. Rd2 Kc4 44. f4 Kc3 45. Ra2 d2 46. Ra1 Kb2 0-1

[Event "Floripa Chess Open 2024"]
[Site "Florianopolis"]
[Date "2024.01.20"]
[Round "1.97"]
[White "Veloso, Henrique Barbosa"]
[Black "Cardozo, Camila"]
[Result "1/2-1/2"]
[WhiteElo "2029"]
[BlackElo "1426"]
[PlyCount "83"]
[EventDate "2024.01.20"]
[EventRounds "10"]
[EventCountry "BRA"]

1. d4 Nf6 2. c4 e6 3. Nf3 d5 4. Nc3 Be7 5. Bg5 h6 6. Bh4 O-O 7. e3 b6 8. cxd5
exd5 9. Bd3 Bb7 10. O-O Nbd7 11. Rc1 c6 ({RR} 11... Ne4 12. Bg3 Nxg3 13. hxg3
c5 14. Bb1 Nf6 15. Qb3 c4 16. Qc2 Bb4 17. Ne5 Bxc3 18. bxc3 Re8 19. g4 Qe7 20.
f3 b5 21. Kf2 b4 22. cxb4 Qxb4 23. Rh1 Rad8 24. Rh3 Kf8 25. Re1 Rd6 26. Rhh1 {
Akopian,V (2590)-Garcia,G (2470) Los Angeles 1991 1-0 (32)}) 12. Qe2 ({RR} 12.
a3 Re8 13. Bb1 Nf8 14. Ne5 Rc8 15. Qf3 Rc7 16. Kh1 a5 17. Rg1 Ne6 18. Qf5 g5
19. Bg3 Bc8 20. Ng4 Ng7 21. Nxf6+ Bxf6 22. Bxc7 Qxc7 23. Qxf6 {1-0 (23)
Rytenko,V (2362)-Klyashtorny,V (2403) chess.com INT 2021}) 12... Re8 13. Rfd1
c5 $146 ({RR} 13... Bd6 14. Ba6 Qb8 15. Bxb7 Qxb7 16. Bg3 Bxg3 17. hxg3 Re6 18.
Qd3 Ne4 19. Rc2 Rae8 20. Rdc1 Rd6 21. Qf1 Nef6 22. Na4 Ng4 23. Qd3 Ndf6 24. Nh2
Qd7 25. Nc3 Nxh2 26. Kxh2 Qg4 27. Qd1 Qg5 28. Ne2 {Peyrin,J-Fauvel,P France
1988 0-1 (36)}) 14. Bb5 a6 15. Bxd7 Qxd7 16. Ne5 Qe6 17. Nf3 Rad8 18. dxc5 bxc5
19. Na4 Rc8 20. Rc2 g5 21. Bg3 Qe4 22. Nc3 Qe6 23. h3 Bf8 24. Rcd2 Ne4 25. Nxe4
Qxe4 26. Qf1 Bg7 27. a3 Qa4 28. Qd3 Re4 29. Rc2 Qb5 30. Qxb5 axb5 31. Bd6 Rc4
32. Rcd2 Rd8 33. Be5 f6 34. Bc3 Kf7 35. Rd3 Re4 36. Nd2 Ra4 37. Nf1 f5 38. Bxg7
Kxg7 39. Ng3 Kf6 40. Ne2 b4 41. R3d2 Ba6 42. axb4 1/2-1/2